Normal view
MARC view
Entry Nome pessoal
001 - NÚMERO DE CONTROLE
- campo de controle: 215
003 - IDENTIFICADOR DO NÚMERO DE CONTROLE
- campo de controle: Br
005 - DATA E HORÁRIO DA ÚLTIMA TRANSAÇÃO
- campo de controle: 20250124092915.0
008 - CAMPO DE DADOS FIXOS
- campo de controle de tamanho fixo: 970807n| acnnnaab| aaaa |d
035 ## - NÚMERO DE CONTROLE DO SISTEMA
- Número de Controle do Sistema: 97080709381313001
040 ## - FONTE DA CATALOGAÇÃO
- Instituição da catalogação original: Br
- Instituição que transcreveu o registro: Br
100 1# - CABEÇALHO--NOME PESSOAL
- Nome pessoal: Camus, Albert,
- Datas associadas ao nome: 1913-1960
400 1# - REMISSIVA VER--NOME PESSOAL
- Nome pessoal: Mathe, Albert
- Datas associadas ao nome: 1913-1960
400 1# - REMISSIVA VER--NOME PESSOAL
- Nome pessoal: Kamu
- Datas associadas ao nome: 1913-1960
400 1# - REMISSIVA VER--NOME PESSOAL
- Nome pessoal: Chia-miu
- Datas associadas ao nome: 1913-1960
670 ## - FONTE POSITIVA DOS DADOS
- Citação da fonte positiva dos dados: Autor de: L"étranger... . 1949.
670 ## - FONTE POSITIVA DOS DADOS
- Citação da fonte positiva dos dados: LC name auth.
- Dados encontrados na fonte localizada no subcampo: (D.)
670 ## - FONTE POSITIVA DOS DADOS
- Citação da fonte positiva dos dados: Em: Bristol. Brian. Por que amamos ler?... 2008
- Dados encontrados na fonte localizada no subcampo: (p.96: D.; autor, filósofo argelino)
670 ## - FONTE POSITIVA DOS DADOS
- Dados encontrados na fonte localizada no subcampo: (nasceu em Mondovi, 7 de novembro de 1913 e faleceu em Villeblevin, 4 de janeiro de 1960 ; escritor, romancista, ensaísta, dramaturgo e filósofo francês nascido na Argélia. Foi também jornalista militante engajado na Resistência Francesa e nas discussões morais do pós-guerra)
670 ## - FONTE POSITIVA DOS DADOS
- Citação da fonte positiva dos dados: http://authorities.loc.gov/ 28/07/2016
- Dados encontrados na fonte localizada no subcampo: (rems.)